|
|
|
|
| LEADER |
00000cam a2200000 7i4500 |
| 001 |
0000000146 |
| 005 |
20000711.0 |
| 020 |
0 |
0 |
|a 1901919110
|
| 090 |
0 |
0 |
|a 337.159
|b ASE 1998
|
| 245 |
0 |
0 |
|a ASEAN towards 2020 :
|b Strategic goals and future directions
|c edited by Stephen Leong
|
| 260 |
0 |
0 |
|a London :
|b ASEAN Academic Press ,
|c 1998
|
| 300 |
|
|
|a 238 p. ;
|c 22 cm.
|
| 500 |
0 |
0 |
|a Includes index
|
| 651 |
0 |
0 |
|a Asia, Southeastern
|x Politics and government
|y 1945
|x Congresses
|
| 651 |
0 |
0 |
|a ASEAN
|x Congresses
|
| 651 |
0 |
0 |
|a Asia, Southeastern
|x Forecasting
|x Congresses
|
| 700 |
0 |
1 |
|a Leong
|h Stephen
|
| 999 |
|
|
|a 0000001348
|b Monograph
|c Open Shelf
|e Default branch
|